000 00279nam a2200121Ia 4500
100 _aMeyerink/George
942 _cBK
654 _aHandbook
245 _aAppliance Service Hand book
260 _bPrentice Hall of India
_aNew Jersey
_c1973
082 _a683.3
546 _aENGLISH
999 _c18476
_d18476